72 sĺnk (Record no. 22443)
[ view plain ]
| 000 -LEADER | |
|---|---|
| fixed length control field | 00982nam a22003011a 4500 |
| 001 - CONTROL NUMBER | |
| control field | 22443 |
| 003 - CONTROL NUMBER IDENTIFIER | |
| control field | SK-KTurca |
| 005 - DATE AND TIME OF LATEST TRANSACTION | |
| control field | 20260328120854.0 |
| 008 - FIXED-LENGTH DATA ELEMENTS--GENERAL INFORMATION | |
| fixed length control field | 090726s1981 xo r 000 f slo d |
| 035 ## - SYSTEM CONTROL NUMBER | |
| System control number | (SVKBBclas03)vtls000170212 |
| 040 ## - CATALOGING SOURCE | |
| Original cataloging agency | SVKBB |
| Language of cataloging | slo |
| Transcribing agency | SVKBB |
| Description conventions | AACR2 |
| 041 1# - LANGUAGE CODE | |
| Language code of text/sound track or separate title | slo |
| Language code of original | fre |
| 080 ## - UNIVERSAL DECIMAL CLASSIFICATION NUMBER | |
| Universal Decimal Classification number | 821.133.1-31 |
| 080 ## - UNIVERSAL DECIMAL CLASSIFICATION NUMBER | |
| Universal Decimal Classification number | (0:82-31) |
| 100 1# - MAIN ENTRY--PERSONAL NAME | |
| Personal name | Gamarra, Pierre, |
| Dates associated with a name | 1919-2009 |
| 245 10 - TITLE STATEMENT | |
| Title | 72 sĺnk |
| Statement of responsibility, etc. | Pierre Gamarra ; z franc. orig. prel. Jozef Mruškovič ; dosl. nap. Miloš Tomčík |
| 246 13 - VARYING FORM OF TITLE | |
| Title proper/short title | Sedemdesiatdva sĺnk |
| 250 ## - EDITION STATEMENT | |
| Edition statement | 1. vyd. |
| 260 ## - PUBLICATION, DISTRIBUTION, ETC. | |
| Place of publication, distribution, etc. | Bratislava |
| Name of publisher, distributor, etc. | Slovenský spisovateľ |
| Date of publication, distribution, etc. | 1981 |
| 300 ## - PHYSICAL DESCRIPTION | |
| Extent | 341 s. |
| 490 1# - SERIES STATEMENT | |
| Series statement | Spolok priateľov krásnych kníh |
| Volume/sequential designation | zv. 386 |
| 655 #7 - INDEX TERM--GENRE/FORM | |
| Genre/form data or focus term | francúzske romány |
| Source of term | SVKBBPH |
| 700 1# - ADDED ENTRY--PERSONAL NAME | |
| Personal name | Mruškovič, Jozef |
| Relationship | trl |
| 700 1# - ADDED ENTRY--PERSONAL NAME | |
| Personal name | Tomčík, Miloš, |
| Dates associated with a name | 1922-2009 |
| Relationship | aft |
| 830 #0 - SERIES ADDED ENTRY--UNIFORM TITLE | |
| Uniform title | Spolok priateľov krásnych kníh |
| Volume/sequential designation | zv. 386 |
| 942 ## - ADDED ENTRY ELEMENTS (KOHA) | |
| Source of classification or shelving scheme | Dewey Decimal Classification |
| Koha item type | Krásna literatúra pre dospelých |
| Suppress in OPAC | No |
| Stav vyradenia | Strata | Poškodenie | Spôsob nadobudnutia | Domovská knižnica | Aktuálna knižnica | Dátum nadobudnutia | Total checkouts | Čiarový kód exemplára | Date last seen | Typ exemplára |
|---|---|---|---|---|---|---|---|---|---|---|
| Dar | Obecná knižnica Horná Štubňa | Obecná knižnica Horná Štubňa | 28.03.2026 | 4736202008 | 28.03.2026 | Krásna literatúra pre dospelých |
